La sopa más rica y otros cuentos (Registro nro. 17364)

Detalles MARC
000 -LDR (LÍDER)
Campo de control de longitud fija 01125nam a2200313 a 4500
003 - IDENTIFICADOR DEL NÚMERO DE CONTROL
Campo de control CO-PeBPR
005 - FECHA Y HORA DE LA ÚLTIMA TRANSACCIÓN
Campo de control 20260419081550.0
007 - DESCRIPCIÓN FÍSICA CAMPO FIJO--INFORMACIÓN GENERAL
Campo de control de longitud fija ta
008 - ELEMENTOS DE DATOS DE LONGITUD FIJA--INFORMACIÓN GENERAL
Campo de control de longitud fija 231207s2023 ck a|||br|||| 00||j spa d
020 ## - Código Internacional normalizado para libros
Código Internacional normalizado para libros 9786289549775
040 0# - FUENTE DE CATALOGACIÓN
Agencia catalogadora original CO-PeBPR
Idioma de la agencia catalogadora spa
Agencia que transcribe CO-PeBPR
Norma para la descripción rda
041 0# - Código del Idioma
Código idioma del recurso original spa
082 04 - NÚMERO DE CLASIFICACIÓN DECIMAL DEWEY
Número de clasificación (i) A863 R934s
100 1# - ASIENTO PRINCIPAL--NOMBRE PERSONAL
Nombre personal Ruiz Johnson, Mariana,
Fechas asociadas al nombre 1984-
Términos de relación autora
9 (RLIN) 279652
245 10 - MENCIÓN DE TÍTULO
Título propiamente dicho La sopa más rica y otros cuentos
Mención de responsabilidad / Mariana Ruiz Johnson
250 ## - MENCIÓN DE EDICIÓN
Mención de edición Edición especial
264 #1 - Área de la Producción Publicación, Distribución, Manufactura, etc.
Lugar de publicación, distribución, etc. Bogotá, Colombia
Nombre de la editorial, distribuidor, etc. : Cataplum Libros
Fecha de publicación, distribución, etc. , 2023
300 ## - DESCRIPCIÓN FÍSICA
Extensión 30 páginas sin numerar
Otros detalles físicos : ilustraciones a color
Dimensiones ; 22 centímetros
336 ## - Tipo de Contenido
Tipo de contenido texto
Código de tipo de contenido txt
337 ## - Tipo de Medio
Tipo de Medio sin mediación
Código de tipo de medio n
Fuente rdamedia
338 ## - Tipo de Soporte
Tipo de soporte volumen
Código de tipo de soporte nc
Fuente rdacarrier
521 1# - NOTA DE AUDIENCIA
Nota de audiencia Recomendado para un público infantil mayor de 6 años.
650 14 - ASIENTO SECUNDARIO DE MATERIA - TÉRMINO TEMÁTICO
Fuente del encabezado o término LEMB
Encabezamiento temático Cuentos infantiles argentinos
Subdivisión cronológica Siglo XX
9 (RLIN) 3527
650 14 - ASIENTO SECUNDARIO DE MATERIA - TÉRMINO TEMÁTICO
Fuente del encabezado o término LEMB
Encabezamiento temático Literatura infantil argentina
Subdivisión cronológica Siglo XX
9 (RLIN) 279653
650 14 - ASIENTO SECUNDARIO DE MATERIA - TÉRMINO TEMÁTICO
Fuente del encabezado o término LEMB
Encabezamiento temático Autoras argentinas
9 (RLIN) 141458
650 14 - ASIENTO SECUNDARIO DE MATERIA - TÉRMINO TEMÁTICO
Fuente del encabezado o término LEMB
Encabezamiento temático Animales en la literatura
9 (RLIN) 378
650 14 - ASIENTO SECUNDARIO DE MATERIA - TÉRMINO TEMÁTICO
Fuente del encabezado o término LEMB
Encabezamiento temático Amistad en la literatura
9 (RLIN) 497
942 ## - ENTRADA DE ELEMENTOS AGREGADOS (KOHA
Fuente de clasificación o esquema de estantería. Dewey Decimal Classification
Tipo de ítem Literatura Infantil
Existencias
Estado de pérdida Fuente del sistema de clasificación o colocación Estado de daño No disponible para préstamo Colección Biblioteca de origen Biblioteca actual Ubicación en estantería Signatura topográfica completa Ejemplar Código de barras Tipo de ítem Fecha de adquisición Fuente de adquisición Total de pagos Fecha de la última vez visto Checked out Fecha del último préstamo
  Dewey Decimal Classification     Infantil Biblioteca Pública Municipal Isaías Naranjo Ríos Biblioteca Pública Municipal Isaías Naranjo Ríos Área Infantil C RUI13 Ej.1 API01 - 4156 Literatura Infantil 03/02/2025 Dotación MinCultura y BNC   06/02/2025    
  Dewey Decimal Classification     Infantil Biblioteca Pública Municipal Juan XXIII Biblioteca Pública Municipal Juan XXIII Área Infantil C RUI13 Ej. 1 BAL02-4447 Literatura Infantil 18/02/2025 Dotación MinCultura y BNC   18/02/2025    
  Dewey Decimal Classification     Infantil Sala de Patrimonio Bibliográfico y Documental - Biblioteca Departamental Sala de Patrimonio Bibliográfico y Documental - Biblioteca Departamental Área Infantil (i) A863 R934s Ej.1 RIBPD14780 Literatura Infantil 19/04/2026 Dotación MinCultura y BNC 1 21/04/2026 06/05/2026 21/04/2026